=LDR 00000nam 2200000 4500 =001 INLIS000000000022347 =005 20130612121119 =008 ***********************************Ind** =035 ##$$0010-061300000022347 =041 ##$$a Ind =082 ##$$a 693.4 =090 ##$$a 693.4, Dew m =245 ##$$a Menangkap ikan dengan dengan jaring insang letak dasr, Dewan redaksi bharata =260 ##$$a PT Bharata Karya Aksara $b Jakarta =300 ##$$a 53 hlm, ilus, 21 cm =650 ##$$a Tehnik menangkap ikan =850 ##$$a NBPNMAT